MDQL
is popping MORE tags! Check the
thread
!
Quizzes
Events
Quiz Creation
Community
Videos
Private Events
Remove Ads
Sign In
Join for FREE
Feedback
Dark Mode
Quiz Categories
Sports
Geography
Music
Movies
Television
Just For Fun
Miscellaneous
History
Literature
Language
Science
Gaming
Entertainment
Religion
Holiday
For Kids
Quiz Lab
Recent
Popular Today
Quiz Kudos Today
Editor Picks
Curator Picks
Quizzes by...
Day
Popularity
Type
Ratings
Length
Year
Community
Subscriptions
Recent Discussions
Orange Saloon
Badges
Playlists
Quests
Create
Leaderboards
Showdown
Live 5
Trivia Bingo
Activity
Puzzle Library
Sporcle Events
Private Events
Virtual Trivia
Globe League
Become a Host
Pub Owners
SporcleCon
Opinionation
Our Games
Videos
Blog
Mobile Apps
Partnerships
Remove Ads and Go Orange
Feedback
Sports
Athletes
MLB
NBA
NHL
NFL
Soccer
Sports Teams
WWE
NCAA
Football
Premier League
Basketball
Baseball
Hockey
Golf
Tennis
Cricket
Rugby
Auto Racing
Olympics
World Cup
Sports
Athletes
MLB
NBA
NHL
NFL
Soccer
Sports Teams
WWE
NCAA
Football
Premier League
Basketball
Baseball
Hockey
Golf
Tennis
Cricket
Rugby
Auto Racing
Olympics
World Cup
Random Quiz
Search Sporcle
×
Quiz Lab
Quiz Lab
Sports
opponent
Type in answers that appear in a list
Type in answers that appear in a list
Classic
Best Score? Go Orange.
John Cena PPV Opponents Stats
Can you name the John Cena'WWE PPV Opponents?
By
RKOLEGACY0
20m
273 Questions
1,774 Plays
1,774 Plays
1,774 Plays
Comments
Comments
Give Quiz Kudos
Give Quiz Kudos
-
- Ratings
hide this ad
Replay
Link that replays current quiz
Next Quiz
Link to next quiz in quiz playlist
You Got
0%
They Got
Avg Score
63%
Avg Friend Score
Upgrade to see
Score Distribution
Jump to the score distribution portion of the page
Score
0/273
Timer
20:00
0
Plays Today
PPV
Opponent
% Correct
WWE WrestleMania 34 2018
The Undertaker
97.6%
WWE Backlash 2007
Randy Orton
96.2%
WWE Vengeance: Night of Champions 2007
Randy Orton
96.2%
WWE Summerslam 2007
Randy Orton
96.2%
WWE Unforgiven 2007
Randy Orton
96.2%
WWE No Way Out 2008
Randy Orton
96.2%
WWE WrestleMania XXIV 2008
Randy Orton
96.2%
WWE Backlash 2008
Randy Orton
96.2%
WWE Night of Champions 2009
Randy Orton
96.2%
WWE Summerslam 2009
Randy Orton
96.2%
WWE Breaking Point 2009
Randy Orton
96.2%
WWE Hell in a Cell 2009
Randy Orton
96.2%
WWE Bragging Rights 2009
Randy Orton
96.2%
WWE Elimination Chamber 2010
Randy Orton
96.2%
WWE Fatal 4-
Way 2010
Randy Orton
96.2%
WWE Night of Champions 2010
Randy Orton
96.2%
WWE Elimination Chamber 2011
Randy Orton
96.2%
WWE WrestleMania 22 2006
Triple H
96.1%
WWE Backlash 2006
Triple H
96.1%
WWE Royal Rumble 2008 (Last Eliminated)
Triple H
96.1%
WWE WrestleMania XXIV 2008
Triple H
96.1%
WWE Backlash 2008
Triple H
96.1%
WWE Night of Champions 2008
Triple H
96.1%
WWE Night of Champions 2009
Triple H
96.1%
WWE Survivor Series 2009
Triple H
96.1%
WWE Elimination Chamber 2010
Triple H
96.1%
WWE Summerslam 2012
Big Show
95.6%
WWE No Way Out 2012
Big Show
95.6%
WWE Survivor Series 2003
Big Show
95.4%
WWE Royal Rumble 2004 (Eliminated By)
Big Show
95.4%
WWE No Way Out 2004
Big Show
95.4%
WWE WrestleMania XX 2004
Big Show
95.4%
WWE New Year's Revolution 2006
Edge
95.4%
WWE Royal Rumble 2006
Edge
95.4%
WWE Backlash 2006
Edge
95.4%
WWE Summerslam 2006
Edge
95.4%
WWE Unforgiven 2006
Edge
95.4%
WWE Cyber Sunday 2006
Big Show
95.4%
WWE Survivor Series 2006
Big Show
95.4%
WWE Backlash 2007
Edge
95.4%
WWE No Way Out 2009
Edge
95.4%
WWE WrestleMania XXV 2009
Edge
95.4%
WWE WrestleMania XXV 2009
Big Show
95.4%
WWE Backlash 2009
Edge
95.4%
WWE Judgment Day 2009
Big Show
95.4%
WWE Extreme Rules 2009
Big Show
95.4%
WWE Royal Rumble 2010 (Eliminated By)
Edge
95.4%
WWE Fatal 4-
Way 2010
Edge
95.4%
WWE Night of Champions 2010
Edge
95.4%
WWE TLC -
Tables, Ladders & Chairs 2013
Randy Orton
95.3%
WWE Royal Rumble 2014
Randy Orton
95.3%
WWE Elimination Chamber 2014
Randy Orton
95.3%
WWE Money In The Bank 2014
Randy Orton
95.2%
WWE Battleground 2014
Randy Orton
95.2%
WWE Hell In A Cell 2014
Randy Orton
95.2%
WWE Survivor Series 2017
Triple H
94.6%
WWE New Year's Revolution 2006
Kane
94.5%
WWE No Way Out 2009
Kane
94.5%
WWE Royal Rumble 2012
Kane
94.4%
WWE Taboo Tuesday 2005
Shawn Michaels
94.4%
WWE New Year's Revolution 2006
Shawn Michaels
94.4%
WWE WrestleMania 23 2007
Shawn Michaels
94.4%
WWE Backlash 2007
Shawn Michaels
94.4%
WWE Survivor Series 2009
Shawn Michaels
94.4%
WWE Elimination Chamber 2012
Kane
94.4%
WWE Money in the Bank 2011
Kane
94.2%
WWE Royal Rumble 2003 (Eliminated By)
The Undertaker
94.2%
WWE Vengeance 2003
The Undertaker
94.2%
WWE No Way Out 2007
The Undertaker
94.2%
WWE Elimination Chamber 2017
The Miz
93.9%
WWE Money In The Bank 2014
Roman Reigns
93.9%
WWE Battleground 2014
Roman Reigns
93.9%
WWE SummerSlam 2014
Brock Lesnar
93.9%
WWE Night Of Champions 2014
Brock Lesnar
93.9%
WWE Royal Rumble 2015
Brock Lesnar
93.9%
WWE WrestleMania 29 2013
The Rock
93.6%
WWE Elimination Chamber 2011
CM Punk
93.6%
WWE Money in the Bank 2011
CM Punk
93.6%
WWE Summerslam 2011
CM Punk
93.6%
WWE Money In The Bank 2014
Kane
93.4%
WWE Battleground 2014
Kane
93.4%
WWE Survivor Series 2014
Kane
93.4%
WWE Vengeance 2002
Chris Jericho
93.3%
WWE Vengeance 2005
Chris Jericho
93.3%
WWE Summerslam 2005
Chris Jericho
93.3%
WWE Survivor Series 2008
Chris Jericho
93.3%
WWE Armageddon 2008
Chris Jericho
93.3%
WWE No Way Out 2009
Chris Jericho
93.3%
WWE Night of Champions 2010
Chris Jericho
93.3%
WWE Night of Champions 2012
CM Punk
93.2%
WWE Survivor Series 2014
Seth Rollins
93.2%
PPV
Opponent
% Correct
WWE TLC: Tables, Ladders, Chairs ... And Stairs 2014
Seth Rollins
93.2%
WWE Royal Rumble 2015
Seth Rollins
93.2%
WWE SummerSlam 2015
Seth Rollins
93.2%
WWE Night Of Champions 2015
Seth Rollins
93.2%
WWE Money in the Bank 2011
Chris Jericho
93.2%
WWE Summerslam 2012
CM Punk
93.1%
WWE WrestleMania XXVIII 2012
The Rock
93.1%
WWE Survivor Series 2012
CM Punk
92.8%
WWE Extreme Rules 2012
Brock Lesnar
92.7%
WWE Greatest Royal Rumble 2018
Triple H
92.7%
WWE SummerSlam 2021
Roman Reigns
92.7%
WWE WrestleMania 33 2017
The Miz
92.6%
WWE Elimination Chamber 2018
The Miz
92.6%
WWE Survivor Series 2011
The Miz
92.5%
WWE The Bash 2009
The Miz
92.4%
WWE Royal Rumble 2011 (Eliminated By)
The Miz
92.4%
WWE WrestleMania XXVII 2011
The Miz
92.4%
WWE Extreme Rules 2011
The Miz
92.4%
WWE Over the Limit 2011
The Miz
92.4%
WWE Money in the Bank 2011
Big Show
92.4%
WWE Money in the Bank 2011
The Miz
92.3%
WWE No Mercy 2017
Roman Reigns
92.2%
WWE Elimination Chamber 2018
Roman Reigns
92.2%
WWE Royal Rumble 2005 (Eliminated By)
Batista
91.9%
WWE No Way Out 2007
Batista
91.9%
WWE Summerslam 2008
Batista
91.9%
WWE Elimination Chamber 2010
Batista
91.9%
WWE WrestleMania XXVI 2010
Batista
91.9%
WWE Extreme Rules 2010
Batista
91.9%
WWE Over the Limit 2010
Batista
91.9%
WWE Backlash 2003
Brock Lesnar
91.5%
WWE Survivor Series 2003
Brock Lesnar
91.5%
WWE Survivor Series 2017
Kurt Angle
91.5%
WWE Survivor Series 2004
Kurt Angle
90.9%
WWE No Way Out 2005
Kurt Angle
90.9%
WWE Unforgiven 2005
Kurt Angle
90.9%
WWE Taboo Tuesday 2005
Kurt Angle
90.9%
WWE Survivor Series 2005
Kurt Angle
90.9%
WWE New Year's Revolution 2006
Kurt Angle
90.9%
WWE Hell in a Cell 2011
CM Punk
90.8%
WWE Payback 2014
Bray Wyatt
90.8%
WWE Money In The Bank 2014
Bray Wyatt
90.8%
WWE Money In The Bank 2016
AJ Styles
90.8%
WWE Battleground 2016
AJ Styles
90.8%
WWE No Way Out 2004
Kurt Angle
90.7%
WWE No Mercy 2016
Dean Ambrose
90.5%
WWE Elimination Chamber 2017
Dean Ambrose
90.5%
WWE SummerSlam 2016
AJ Styles
90.3%
WWE Elimination Chamber 2018
Seth Rollins
90.3%
WWE Elimination Chamber 2017
Bray Wyatt
89.9%
WWE Survivor Series 2012
Ryback
89.7%
WWE Royal Rumble 2013 (Last Eliminated)
Ryback
89.7%
WWE Summerslam 2013
Daniel Bryan
89.3%
WWE Extreme Rules 2013
Ryback
89.3%
WWE Packback 2013
Ryback
89.1%
WWE No Mercy 2016
AJ Styles
89%
WWE Royal Rumble 2017
AJ Styles
89%
WWE Elimination Chamber 2017
AJ Styles
89%
WWE WrestleMania XXX 2014
Bray Wyatt
88.4%
WWE Extreme Rules 2014
Bray Wyatt
88.4%
WWE TLC 2009
Sheamus
87.8%
WWE Elimination Chamber 2010
Sheamus
87.8%
WWE Fatal 4-
Way 2010
Sheamus
87.8%
WWE Money in the Bank 2010
Sheamus
87.8%
WWE Night of Champions 2010
Sheamus
87.8%
WWE Elimination Chamber 2011
Sheamus
87.8%
WWE Elimination Chamber 2014
Daniel Bryan
87.7%
WWE Summerslam 2010
Wade Barrett
87.5%
WWE Night of Champions 2010
Wade Barrett
87.5%
WWE Hell in a Cell 2010
Wade Barrett
87.5%
WWE TLC 2010
Wade Barrett
87.5%
WWE No Mercy 2003
Kurt Angle
87.5%
WWE Elimination Chamber 2014
Sheamus
87.2%
WWE Fastlane 2018
AJ Styles
87.2%
WWE Money In The Bank 2014
Alberto Del Rio
86.9%
WWE Hell In A Cell 2015
Alberto Del Rio
86.9%
WWE Money In The Bank 2014
Sheamus
86.7%
WWE WrestleMania 21 2005
John Bradshaw Layfield
86%
WWE Judgment Day 2005
John Bradshaw Layfield
86%
WWE Backlash 2008
John Bradshaw Layfield
86%
WWE Judgment Day 2008
John Bradshaw Layfield
86%
WWE One Night Stand 2008
John Bradshaw Layfield
86%
WWE Royal Rumble 2009
John Bradshaw Layfield
86%
WWE Survivor Series 2014
Rusev
85.6%
WWE Fastlane 2015
Rusev
85.6%
WWE WrestleMania 31 2015
Rusev
85.6%
WWE Extreme Rules 2015
Rusev
85.6%
WWE Payback 2015
Rusev
85.6%
WWE WrestleMania 36 2020
Bray Wyatt
85.4%
WWE WrestleMania 38 2023
Austin Theory
85.4%
WWE Elimination Chamber 2014
Christian
85.4%
PPV
Opponent
% Correct
WWE Elimination Chamber 2013
Roman Reigns
85.3%
WWE Hell In A Cell 2013
Alberto Del Rio
85%
WWE Survivor Series 2013
Alberto Del Rio
85%
WWE Vengeance 2005
Christian
84.8%
WWE Survivor Series 2014
Mark Henry
84.7%
WWE Fastlane 2018
Dolph Ziggler
84.5%
WWE Money in the Bank 2013
Mark Henry
84.1%
WWE Summerslam 2010
Skip Sheffield
84%
WWE Elimination Chamber 2013
Seth Rollins
84%
WWE Vengance 2011
Alberto Del Rio
84%
WWE Elimination Chamber 2011
R-Truth
83.7%
WWE Capitol Punishment 2011
R-Truth
83.7%
WWE Survivor Series 2011
R-Truth
83.7%
WWE Elimination Chamber 2013
Dean Ambrose
82.8%
WWE TLC -
Tables, Ladders & Chairs 2012
Dolph Ziggler
82.6%
WWE Elimination Chamber 2015
Kevin Owens
82.5%
WWE Money In The Bank 2015
Kevin Owens
82.5%
WWE Battleground 2015
Kevin Owens
82.5%
WWE No Way Out 2009
Rey Mysterio
82.3%
WWE The Great American Bash 2004
Rob Van Dam
82%
WWE One Night Stand 2006
Rob Van Dam
82%
WWE Night of Champions 2011
Alberto Del Rio
81.7%
WWE Hell in a Cell 2011
Alberto Del Rio
81.7%
WWE Summerslam 2010
Heath Slater
80.4%
WWE Survivor Series 2014
Luke Harper
80.3%
WWE The Great American Bash 2004
Booker T
80.2%
WWE No Mercy 2004
Booker T
80.2%
WWE Cyber Sunday 2006
Booker T
80.2%
WWE Armageddon 2006
Booker T
80.2%
WWE Vengeance: Night of Champions 2007
Booker T
80.2%
WWE Survivor Series 2006
Umaga
79.1%
WWE New Year's Revolution 2007
Umaga
79.1%
WWE Royal Rumble 2007
Umaga
79.1%
WWE Fastlane 2018
Kevin Owens
78.7%
WWE Battleground 2017
Rusev
78.3%
WWE Judgment Day 2007
The Great Khali
77.8%
WWE One Night Stand 2007
The Great Khali
77.8%
WWE Summerslam 2010
Justin Gabriel
77.6%
WWE Elimination Chamber 2011
John Morrison
77.3%
WWE Extreme Rules 2011
John Morrison
77.3%
WWE Elimination Chamber 2017
Baron Corbin
77.2%
WWE Survivor Series 2004
Carlito
77.1%
WWE New Year's Revolution 2006
Carlito
77.1%
WWE Summerslam 2004
Booker T
77%
WWE Judgment Day 2003
Chris Benoit
76.8%
WWE Summerslam 2010
David Otunga
75.9%
WWE Royal Rumble 2018 (Winner)
Shinsuke Nakamura
75.2%
WWE Money In The Bank 2014
Cesaro
74.4%
WWE Vengeance: Night of Champions 2007
Bobby Lashley
74%
WWE The Great American Bash 2007
Bobby Lashley
74%
WWE SummerSlam 2017
Baron Corbin
73.6%
WWE Survivor Series 2017
Braun Strowman
73.6%
WWE Fastlane 2018
Baron Corbin
73.6%
WWE Super Show-
Down 2018
Kevin Owens
73.2%
WWE Elimination Chamber 2010
Kofi Kingston
72.1%
WWE Survivor Series 2017
Finn Balor
72.1%
WWE Elimination Chamber 2018
Finn Balor
72.1%
WWE Battleground 2016
Karl Anderson
71.9%
WWE Battleground 2016
Luke Gallows
71.4%
WWE Bragging Rights 2010
Cody Rhodes
71.4%
WWE Summerslam 2010
Darren Young
70.9%
WWE Elimination Chamber 2014
Cesaro
70.7%
WWE Fastlane 2018
Sami Zayn
70.2%
WWE Elimination Chamber 2010
Ted DiBiase
68.8%
WWE Summerslam 2010
Michael Tarver
68.4%
WWE Survivor Series 2004
Luther Reigns
67.3%
WWE New Year's Revolution 2006
Chris Masters
66.5%
WWE WrestleMania 33 2017
Maryse
64.3%
WWE Survivor Series 2006
Finlay
64.3%
WWE Armageddon 2006
Finlay
64.3%
WWE Vengeance: Night of Champions 2007
Mick Foley
64.1%
WWE Survivor Series 2017
Samoa Joe
63.6%
WWE Survivor Series 2003
A-Train
62%
WWE Survivor Series 2006
MVP
59%
WWE Elimination Chamber 2018
Elias
57.4%
WWE Vengeance 2006
Sabu
54.8%
WWE Survivor Series 2003
Matt Morgan
51.9%
WWE Super Show-
Down 2018
Elias
51.2%
WWE Survivor Series 2006
Test
51.2%
WWE Bragging Rights 2010
Drew McIntyre
51%
WWE Over the Limit 2012
John Laurinaitis
50.8%
WWE Survivor Series 2003
Nathan Jones
49.9%
WWE No Way Out 2009
Mike Knox
49%
WWE Armageddon 2004
Jesus
46.1%
WWE Judgment Day 2004
Rene Dupree
45.4%
WWE The Great American Bash 2004
Rene Dupree
45.4%
WWE Judgment Day 2003
Rhyno
43.9%
WWE Rebellion 2002
Billy Kidman
43.3%
WWE Judgment Day 2003
Spanky
41%
WWE Survivor Series 2004
Mark Jindrak
40.1%
WWE Rebellion 2002
Torrie Wilson
37.4%
Quiz Playlist
Details
Report
Send in Message
Add To Playlist
Classic:
Type in answers that appear in a list
Last Updated: Feb 19, 2017
Quiz Scoreboard
CHALLENGE
Sign Up to Join the Scoreboard
Show All
Scores
Hide
Comments
May contain spoilers
Recently Published
Holiday 10x10 Sorting Gallery
by lukepisani3
Holiday
15m
Two Season TV Shows II
by 123Four
Television
10m
Image Sorting: Flags VI
by Barbecue
Geography
2m
More to Explore
Quiz From the Vault
Featured Blog Post
14 Easter Pick-up Lines to Find Eggs With
hide this ad
You Might Also Like...
Tags
AJ Styles
cena
john
opponent
PPV
PPV Opponents
Style
tna
Today's Top Quizzes in Sports
Browse Sports
hide this ad
Today's Top Quizzes in opponent
Browse opponent
Top Contributed Quizzes in Sports
1
Les meilleurs buteurs des matchs entre le PSG et l’OM
2
Les entraîneurs de l'OM et du PSG au 21e siècle
3
2022 World Cup Stars
4
Players with Multiple 50 Home Run Seasons
5
Les joueurs passés par le PSG et l'OM
6
FIFA Club World Cup Champions
7
Top 10 NHL Goal Scorers of All Time
8
Criteria MLB: Left Handed Sluggers
9
Les joueurs passés par le LOSC et le RC Lens
10
2023 MLB Unique Player Accomplishments
Explore More
Trending Topics
NBA
Crossword
Anime
Disney
Harry Potter
Marvel
Kpop
Soccer
WWE
Country
NFL
Pokémon
Puzzle
The Office
Song
hide this ad
More By:
RKOLEGACY0
Quiz
Plays
Rating
Category
Featured
Created
D-Generation X Members
81,694
3.98
Sports
Sep 13, 2012
Edge WWE PPV Opponents
13,885
4.32
Sports
Nov 10, 2011
Wrestlers with the most WWE PPV Matches
11,236
4.23
Sports
Jan 8, 2012
History of the WWE Championship
5,924
4.50
Sports
Feb 9, 2012
MLB Top 100 Hitters of All Time
5,910
4.56
Sports
May 10, 2013
Go to Creator's Profile
Score Distribution
Quiz Creator Spotlight
RKOLEGACY0
Follow
Send a Message
Quizzes Created
-
Created Quiz Play Count
-
More By This Creator
Popular Quizzes Today
1
Find the US States - No Outlines Minefield
2
Colored Red Africa Blitz
3
Find the 'City' Movie
4
The Countries of the World
5
Find the US States
6
5x2 Blitz: Bands
7
Find the Countries of Europe - No Outlines Minefield
8
US States
More Sports Quizzes
NFL 3 Truths and a Lie 2021
Curator's Pick
Trending Quizzes
Colored Red Europe Blitz I
Colored Red Europe Blitz II
Colored Red Africa Blitz II
Colored Red Europe Blitz III
Colored Red Africa Blitz III
Recently Updated
Odd Team Out - Big 4 Players
pecheneg
Quick Pick: 20 Twenties
pecheneg
March Madness Men's Triple Doubles
pecheneg
How Do You Spell That?
pecheneg
Godzilla Movies
pecheneg
Grab Bag: 4-10 Letters
pecheneg
2024 March Madness Bracket
pecheneg
Famous TV Couples
Peacemaker
Champions League XIs: Real Madrid
pecheneg
Largest US Cities 1790-2010
pecheneg
Trending Topics
NBA
Kpop
Marvel
Crossword
Disney
Anime
Harry Potter
WWE
Puzzle
Song
Soccer
Country
NFL
The Office
Pokémon
Your Account Isn't Verified!
In order to create a playlist on Sporcle, you need to verify the email address you used during registration. Go to your
Sporcle Settings
to finish the process.
Report this User
Report this user for behavior that violates our
Community Guidelines
.
Details:
Send Report
Go to the Sporcle.com Mobile Site →
Comments